L'archeologie (Record no. 55384)

MARC details
000 -LEADER
campo de control de longitud fija 00669nam a2200205 i 4500
001 - NÚMERO DE CONTROL
campo de control 55384
003 - IDENTIFICADOR DE NÚMERO DE CONTROL
campo de control ES-MaACL
005 - FECHA Y HORA DE LA ÚLTIMA TRANSACCIÓN
campo de control 20230906163131.0
007 - CAMPO FIJO DE DESCRIPCIÓN FÍSICA--INFORMACIÓN GENERAL
campo de control de longitud fija t|
008 - DATOS DE LONGITUD FIJA--INFORMACIÓN GENERAL
campo de control de longitud fija 030918s1912 sz ||||1| fre d
100 1# - ENTRADA PRINCIPAL--NOMBRE DE PERSONA
Nombre de persona Deonna, Waldemar.
9 (RLIN) 43747
245 12 - MENCIÓN DEL TÍTULO
Título L'archeologie
Resto del título : sa valeur, ses methodes /
Mención de responsabilidad, etc. Waldemar Deonna.
260 ## - PUBLICACIÓN, DISTRIBUCIÓN, ETC.
Lugar de publicación, distribución, etc. [Geneve :
Nombre del editor, distribuidor, etc. Albert Kündig],
Fecha de publicación, distribución, etc. 1912.
300 ## - DESCRIPCIÓN FÍSICA
Extensión 3 v. ;
Dimensiones 24 cm.
505 8# - NOTA DE CONTENIDO CON FORMATO
Nota de contenido con formato Contiene: I: Les methodes archeologiques. -- II: Les lois de l'art. -- III: Les rythmes artistiques
740 4# - ENTRADA AGREGADA--TÍTULO RELACIONADO/ANALÍTICO NO CONTROLADO
Título relacionado o analítico no controlado Les methodes archeologiques.
740 4# - ENTRADA AGREGADA--TÍTULO RELACIONADO/ANALÍTICO NO CONTROLADO
Título relacionado o analítico no controlado Les lois de l'art.
740 4# - ENTRADA AGREGADA--TÍTULO RELACIONADO/ANALÍTICO NO CONTROLADO
Título relacionado o analítico no controlado Les rythmes artistiques.
852 ## - LOCALIZACIÓN
Ubicación ES-MaACL
Número de control de estantería C-1665-67
Holdings
Estatus retirado Estado de pérdida Estado de daño No para préstamo Biblioteca de origen Biblioteca actual Ubicación en estantería Fecha de adquisición Fuente de adquisición Total de préstamos Signatura topográfica completa Código de barras Visto por última vez Precio de reemplazo Tipo de ítem Koha
        Biblioteca del Ateneo de Madrid Biblioteca del Ateneo de Madrid Mesetón 17/01/2008     C-1665-67 1058190 23/02/2023 23/02/2023 Libro impreso